Medications by Letter - A - Statistics

General Stats
  • This quiz has been taken 39 times
  • The average score is 10 of 20
Answer Stats
Hint Answer % Correct
Very common analgesic medication; toxic to the liver at high doses Acetaminophen
94%
Antithrombotic NSAID, used to prevent stroke and myocardial infarction Acetylsalicylic acid (Aspirin)
90%
Antibiotic of the penicillin (β-lactam) class Amoxicillin
81%
Statin medication (lowers cholesterol) Atorvastatin
74%
Dihydropyridine calcium-channel blocker, used for hypertension Amlodipine
65%
Antiviral nucleoside analogue, used for herpes infections Aciclovir
61%
Xanthine oxidase inhibitor, used to lower uric acid in patients with gout Allopurinol
61%
Anticoagulant medication, known as a direct factor Xa inhibitor Apixaban
55%
Another antibiotic of the penicillin (β-lactam) class Ampicillin
48%
Macrolide antibiotic, used for atypical (walking) pneumonia Azithromycin
48%
Anti-arrhythmic drug with extensive side effect profile including thyroid imbalance Amiodarone
45%
Atypical antipsychotic agent with unique mechanism of action Aripiprazole
42%
Anti-influenza medication now used for Parkinson's disease Amantadine
32%
Carbonic anhydrase inhibitor, used for glaucoma and for altitude sickness Acetazolamide
29%
Anti-HIV NRTI medication; causes hypersensitivity reaction in some patients Abacavir
26%
Antiparasitic agent used for a variety of roundworm infestations Albendazole
26%
Monoclonal antibody targeting TNF, used for multiple autoimmune conditions Adalimumab
23%
Aminoglycoside antibiotic Amikacin
23%
Strong anti-fungal agent used for disseminated fungal infections Amphotericin B
23%
Antimetabolite used in the treatment of rheumatoid arthritis Azathioprine
19%
No matching quizzes found
Score Distribution
Percent of People with Each Score
Percentile by Number Answered
Your Score History
You have not taken this quiz